03005cam a22003258i 45000010009000000050017000090080041000260100017000670200031000840400026001150420008001410500025001492450050001742460026002242460047002502460066002972460067003632640068004302640011004983000014005094900024005235000020005475050408005675201518009756500029024938300033025229420008025559520101025639990015026642127327920250331151525.0191024t20202020mau 001 0 eng  a 2019043387 a9781633699168q(paperback) aMH/DLCbengerdacDLC apcc00aHD30.28b.H3953 202000aHBR's 10 must reads.nVol. 2 b: on strategy.30aOn strategy.nVol. 2.3 aHBR's ten must reads on strategy.nVol. 2.3 aHarvard business review's 10 must reads on strategy.nVol. 2.3 aHarvard business review's ten must reads on strategy.nVol. 2. 1aBoston, Massachusetts :bHarvard Business Review Press,c[2020] 4c©2020 a199 pages1 aHBR's 10 must reads aIncludes index.0 aYour Strategy Needs a Strategy — Transient Advantage — Bringing Science to the Art of Strategy — Managing Risks: A New Framework — Surviving Disruption — The Great Repeatable Business Model — Pipelines, Platforms, and the New Rules of Strategy — Why the Lean Start-Up Changes Everything — Strategy Needs Creativity — Put Purpose at the Core of Your Strategy — Creating Shared Value . a"Do you have the right strategy to lead your company into the future? More of the ideas you want, from the authors you trust. We've combed through hundreds of Harvard Business Review articles and selected the most important ones to help you combat new competitors and ensure that you can define--and execute--the best strategy for your company. With insights from leading experts, this book will inspire you to: choose a strategy that best meets the demands of your competitive environment, generate economic value for your company, while also producing value for society, create and capture new markets--and break free of old ones, see the growing relevance of data analytics in your organization, transform your products and services into platforms, identify the signals of future disruption and take steps to avoid it. HBR's 10 Must Reads paperback series is the definitive collection of books for new and experienced leaders alike. Leaders looking for the inspiration that big ideas provide, both to accelerate their own growth and that of their companies, should look no further. HBR's 10 Must Reads series focuses on the core topics that every ambitious manager needs to know: leadership, strategy, change, managing people, and managing yourself. Harvard Business Review has sorted through hundreds of articles and selected only the most essential reading on each topic. Each title includes timeless advice that will be relevant regardless of an ever-changing business environment"--cProvided by publisher. 0aStrategic planning93573 0aHBR's 10 must reads (Series) 2lcc 00102lcc4070aTBSbTBSd2025-03-31l0oHD30.28 ONS (II)pB07523r2025-03-31t1w2025-03-31y1 c4621d4621